Football Team Nicknames (Soccer) - Statistics

General Stats
  • This quiz has been taken 2,561 times
  • The average score is 7 of 15
Answer Stats
Team Answer % Correct
Manchester United The Red Devils
96%
Arsenal The Gunners
94%
West Ham United The Hammers
81%
Everton The Toffees
79%
Newcastle United The Magpies
69%
Hull City The Tigers
65%
Norwich City The Canaries
64%
Sunderland The Black Cats
55%
Stoke City The Potters
51%
Wigan Athletic The Latics
33%
Bristol Rovers The Pirates
19%
Middlesbrough The Smoggies
14%
Bolton The Trotters
14%
Blackburn Rovers The Riversiders
4%
Doncaster Rovers The Vikings
2%
No matching quizzes found
Score Distribution
Percent of People with Each Score
Percentile by Number Answered
Your Score History
You have not taken this quiz